| 000 | 00600nam a22001937a 4500 | ||
|---|---|---|---|
| 003 | 0 | ||
| 005 | 20241014135506.0 | ||
| 008 | 241014b xxu||||| |||| 00| 0 eng d | ||
| 020 | _a9798891611863 | ||
| 050 |
_aQA 76.9 _b.M58 2024 |
||
| 100 |
_aMitchell, Christopher, _eauthor. |
||
| 245 |
_aFile processing and database systems / _cChristopher Mitchell. |
||
| 260 |
_aJersey City, USA : _bAlexis Press, LLC, _c2024. |
||
| 300 |
_ax, 315 p. : _bill. ; _c24 cm. |
||
| 504 | _aIncludes bibliographical references and index. | ||
| 650 | _aDatabase management. | ||
| 650 | _aDatabase. | ||
| 942 |
_2lcc _cBK |
||
| 999 |
_c366531 _d366531 |
||